00762nam a22002057a 45000010005000000030008000050050017000130080041000300200017000710350018000880400026001060410008001320820027001401000028001672450220001952600050004153000030004655040019004956500042005142639BD-RjUL20211208233608.0160927s1969 p |||| |||| 001 0 eng d c: PRs. 12.00 a(BD-RjUL)2666 aBD-RjULbengcBD-RjUL aeng a346.01509549bCHL 1969 aChughtie, Ghayas-Ud-Din aLaw of Family and Conciliation Courts with Shariat Application laws :bbeing most uptodate statement of All laws Connected with family courts, Conciliation courts and shariat application /cby Ghayas-Ud-Din Chughtie aLahore :bPakistan Legal Publications,,c1969 a140, 82, 105 p. ;c22 cm. aIncludes Index aDomestic relations courtszPakistan.